Price theory and applications /

This book provides many tools to help readers learn about Price Theory and Applications.

שמור ב:
מידע ביבליוגרפי
מחבר ראשי: Landsburg, Steven E., 1954-
פורמט: ספר
שפה:English
יצא לאור: Cincinnati, Ohio : South-Western College, 1999.
מהדורה:4th ed.
נושאים:
תגים: הוספת תג
אין תגיות, היה/י הראשונ/ה לתייג את הרשומה!
Thư viện lưu trữ: Mạng thư viện Đại học Đà Nẵng
LEADER 00988cam a2200361 i 4500
001 000047588
003 7278
005 20030226100354.0
008 010316|1999 vm 000 eng
020 |a 0538882069 
040 |a IRC  |c IRC  |d IRC 
041 0 |a eng 
082 1 4 |a 338.5  |b LA-S 
100 1 |a Landsburg, Steven E.,  |d 1954- 
245 0 0 |a Price theory and applications /  |c Steven E. Landsburg. 
250 |a 4th ed. 
260 |a Cincinnati, Ohio :  |b South-Western College,  |c 1999. 
300 |a xxvii, 755 p. :  |b ill. ;  |c 26cm. 
520 3 |a This book provides many tools to help readers learn about Price Theory and Applications. 
630 0 4 |a Microeconomics. 
630 0 4 |a Prices. 
650 0 4 |a Prices. 
650 0 4 |a Microeconomics. 
OWN |a DUT 
999 |a From the UDN01 
TYP |a Monograph 
TYP |a Printed language 
980 |a Mạng thư viện Đại học Đà Nẵng